| Tag |
First Indicator |
Second Indicator |
Subfields |
| LEADER |
00000cam a2200000 a 4500 |
| 001 |
in00000012335 |
| 005 |
20151007051816.0 |
| 008 |
870312s1986 enka b 00100 eng d |
| 010 |
|
|
|a gb 86006370
|
| 015 |
|
|
|a GB86-6370
|
| 020 |
|
|
|a 0852745680 :
|c £49.50
|
| 035 |
|
|
|a (OCoLC)13358774
|
| 035 |
|
|
|9 AAA4896AM
|
| 040 |
|
|
|a UKM
|c UKM
|d TXA
|d UtOrBLW
|
| 049 |
|
|
|a TXAM
|c [A11011867]
|
| 050 |
1 |
0 |
|a QD96.L3
|
| 050 |
|
4 |
|a QD96.L3
|b L3 1986
|
| 082 |
0 |
|
|a 543/.0858
|2 19
|
| 245 |
0 |
0 |
|a Laser analytical spectrochemistry /
|c edited by V.S. Letokhov.
|
| 264 |
|
1 |
|a Bristol ;
|a Boston :
|b Hilger,
|c [1986]
|
| 264 |
|
4 |
|c ©1986
|
| 300 |
|
|
|a xii, 412 pages :
|b illustrations ;
|c 24 cm.
|
| 336 |
|
|
|a text
|b txt
|2 rdacontent
|
| 337 |
|
|
|a unmediated
|b n
|2 rdamedia
|
| 338 |
|
|
|a volume
|b nc
|2 rdacarrier
|
| 490 |
1 |
|
|a The Adam Hilger series on optics and optoelectronics
|
| 504 |
|
|
|a Includes bibliographies and index.
|
| 650 |
|
0 |
|a Laser spectroscopy.
|
| 700 |
1 |
|
|a Letokhov, V. S.
|
| 830 |
|
0 |
|a Adam Hilger series on optics and optoelectronics.
|
| 999 |
|
|
|a MARS
|
| 999 |
f |
f |
|s 889b2b0b-8dc3-378c-8a9a-8397d336cee2
|i aa60f5c5-ca95-35cd-b78f-6bf5ec34240c
|t 0
|
| 952 |
f |
f |
|p ric
|a Texas A&M University
|b Rellis Campus
|c Joint Library Facility
|d Remote Storage
|t 0
|e QD96.L3 L3 1986
|h Library of Congress classification
|i unmediated -- volume
|m A14811011867
|
| 998 |
f |
f |
|a QD96.L3 L3 1986
|t 0
|l Remote Storage
|